| 000 | 00534nam a22001697a 4500 | ||
|---|---|---|---|
| 999 |
_c8771 _d8771 |
||
| 008 | 201214b ||||| |||| 00| 0 eng d | ||
| 040 | _aBMS College of Architecture | ||
| 100 | _aJain, S Abhishek | ||
| 245 | _aAdhiyaaya eco-tourism - resort Kerala | ||
| 300 | _avii,49p. | ||
| 500 | _a1BM11AT081 | ||
| 502 |
_8B,Arch _NBMS College of Architecture, Visvesvaraya Technological University(VTU) _aProject report _d2015 |
||
| 650 | _aTourism | ||
| 700 |
_aMadhu Divakar J _eGuide |
||
| 700 |
_aArathi K Parigi _eGuide |
||
| 942 |
_2ddc _cTHE |
||